000 00537nam a22001697a 4500
003 NUST
038 _aNusrat Nadeem
082 _a200
100 _aULLAH, SANA
_9127024
245 _aTRADE FACILITATION, EXPORTS, AND ECONOMIC GROWTH: ANALYSES OF SOUTH ASIAN ECONOMIES/
_cSANA ULLAH,
264 _aIslamabad;
_bS3H NUST;
_c2024.
300 _a69, p.
_b35, cm.
650 _aMS-Economics
_9123068
700 _aSupervisor: Dr. Zafar Mahmood
_9123161
856 _uhttp://10.250.8.41:8080/xmlui/handle/123456789/48104
942 _2ddc
_cSC
999 _c612379
_d612379